Вътрешната Добруджанска революционна организация (ВДРО) 1923 - 1940 (Запис номер 86963)
[ съкратено ]
| 000 -Лидер | |
|---|---|
| Контролно поле с фиксирана дължина | 02619nam a2200553 c 4500 |
| 003 - Код на организацията, давaща контролен номер | |
| Контролно поле | BLK |
| 005 - Дата и час на последна редакция | |
| Контролно поле | 20250119004107.0 |
| 008 - Елементи от данни с фиксирана дължина | |
| fixed length control field | 180408b bul|||||r ||||||| ||bul|| |
| 010 ## - Наследен системен номер | |
| LC control number | KNG00091591000 |
| 020 ## - Международен стандартен номер на книга ISBN | |
| Международен стандартен номер на книга ISBN | 978-954-8190-67-1 |
| 040 ## - Източник на каталожния запис | |
| Идентификатор на билиотеката - собственик на записа | BLK |
| 041 ## - Код за език | |
| Код за езика на текст/звукозапис или на отделно заглавие | Български |
| Код за езика КДБФ | Български |
| 072 #7 - Код за тематичната категория | |
| Код организация | bullib |
| Код за тематична категория | Н92 |
| Текст | История Н |
| 072 #7 - Код за тематичната категория | |
| Код организация | bullib |
| Код за тематична категория | К |
| Текст | Краезнание |
| 080 ## - УДК | |
| Текстов определител УДК | България през периода на общата криза на капитализма (1918-1944) |
| УДК код - определител по УДК | 94(497.2)"1918/1945" |
| УДК - код + определител | 94(497.2)"1918/1945" |
| 080 ## - УДК | |
| Текстов определител УДК | Национални движения - Движения за национално въоръжаване и защита на страната, полувоенни организации, движения за запазване на обществения ред |
| УДК код - определител по УДК | 329.73 |
| УДК определител | (497.2)(091) |
| УДК - код + определител | 329.73(497.2)(091) |
| 080 ## - УДК | |
| Текстов определител УДК | Национални малцинства. Оптанти |
| УДК код - определител по УДК | 323.15 |
| УДК определител | (497.21-22) |
| УДК - код + определител | 323.15(497.21-22) |
| 100 1# - Редна дума - Автор | |
| Автор | Златев, Любомир Златанов |
| Дати, свързани с автора | 1952 - |
| Автор - информация (биография) | Историк. |
| R(LIN) | 69985 |
| 139 ## - Редно поле | |
| Редна дума | Златев, Любомир Златанов |
| Авторски знак | Злате - З 72 |
| 245 10 - Сведения за заглавието | |
| Заглавие | Вътрешната Добруджанска революционна организация (ВДРО) 1923 - 1940 |
| Редно поле (дума) | Любомир Златанов Златев. |
| 257 ## - Страна на издаване | |
| Страна на създаване/издаване | България |
| 260 ## - Област на издателските данни | |
| Име на издателя, разпространителя и проч. | Лени-Ан |
| Година на издаване | 2009 |
| 300 ## - Физическа характеристика | |
| Страници | 272 с., 4 л. |
| Илюстрации и др. | сн., факс. |
| Размери/Мащаб | 21 см |
| 380 ## - Жанр | |
| Жанр | История |
| 500 ## - Общи забележки | |
| Забележка | Библиогр. с. 260-271. |
| 504 ## - Забележка за наличие на библиография и др | |
| Забележка за наличие на библиография и под. | 260-271 |
| 650 #4 - Допълнително описание по предмет – тема | |
| Основно описание – тема или топоним | Вътрешна добруджанска революционна организация |
| 9 (RLIN) | 302496 |
| 650 #4 - Допълнително описание по предмет – тема | |
| Основно описание – тема или топоним | Националноосвободително движение - България |
| 9 (RLIN) | 242410 |
| 650 #0 - Допълнително описание по предмет – тема | |
| Основно описание – тема или топоним | България - история |
| 9 (RLIN) | 244493 |
| 650 #4 - Допълнително описание по предмет – тема | |
| Основно описание – тема или топоним | Добруджански въпрос |
| 9 (RLIN) | 244998 |
| 651 #4 - Допълнително описание по предмет - топоним | |
| Географско понятие | Добруджа |
| 9 (RLIN) | 178821 |
| 651 #4 - Допълнително описание по предмет - топоним | |
| Географско понятие | България |
| 9 (RLIN) | 241624 |
| 653 ## - Ключова дума – ненормативна | |
| Ключова дума | ВДРО |
| 653 ## - Ключова дума – ненормативна | |
| Ключова дума | Вътрешна Добруджанска революционна организация |
| 653 ## - Ключова дума – ненормативна | |
| Ключова дума | добруджански въпрос |
| 653 ## - Ключова дума – ненормативна | |
| Ключова дума | националноосвободителни движения |
| 653 ## - Ключова дума – ненормативна | |
| Ключова дума | българска история |
| 659 ## - Тематичен бюлетин | |
| Тематичен бюлетин | К |
| 659 ## - Тематичен бюлетин | |
| Тематичен бюлетин | Н |
| 852 ## - Местоположение | |
| Форматна сигнатура | Цб 245487 |
| 852 ## - Местоположение | |
| Форматна сигнатура | К 94(497.2)"1878..."/З-72 Л |
| 856 4# - Електронен адрес и достъп | |
| Електронен формат | pdf - файл |
| 856 4# - Електронен адрес и достъп | |
| Електронен формат | pdf - файл |
| 999 ## - СИСТЕМНИ КОНТРОЛНИ НОМЕРА | |
| Koha biblionumber | 86963 |
| Koha biblioitemnumber | 86963 |
| 942 ## - АРТИКУЛИ | |
| Вид на библиотечния материал | Книги |
| Скрит в OPAC | Не |
| Koha issues (borrowed), all copies | 1 |
| Периодичен библиозапис | Да |
| 944 ## - СЪЗДАВАНЕ И РЕДАКЦИЯ на ЗАПИСА | |
| Създаване/Редакция | Създаване |
| Дата на регистрацията/редакция | 26.09.2009 |
| Статус, дата на статуса | CRON CRON |
| Служител, извършил регистрацията/редакцията | |
| 944 ## - СЪЗДАВАНЕ И РЕДАКЦИЯ на ЗАПИСА | |
| Създаване/Редакция | Редакция |
| Дата на регистрацията/редакция | 28.06.2016 |
| Статус, дата на статуса | ф / |
| Служител, извършил регистрацията/редакцията | Валя_Йорданова |
| 999 ## - СИСТЕМНИ КОНТРОЛНИ НОМЕРА | |
| Koha biblioitemnumber | 86963 |
| 999 ## - СИСТЕМНИ КОНТРОЛНИ НОМЕРА | |
| Koha biblioitemnumber | 86963 |
| Код за отписване | Код за изгубен артикул | Източник на класификационната схема | Код за повреда | Коз за рестрикции | Код за отдаване | Артикулен № | Име на библиотеката - собственик | Име на библиотеката, в която се намира в момента | Статус (Текущо местоположение) | Дата на вписване в системата | Местоположение - отдел | Цена в лева | Инвентарен номер | Систематично азбучна сигнатура | Баркод | Номер на екземпляра | Цена в евро | Служебна бележка | Служебен тип на артикула |
|---|---|---|---|---|---|---|---|---|---|---|---|---|---|---|---|---|---|---|---|
| Не е изгубен | Universal Decimal Classification | Не е повреден | без рестрикции | заемане за дома | 140664 | Регионална библиотека "Любен Каравелов" Русе | Регионална библиотека "Любен Каравелов" Русе | Заемна - подръчен фонд | 2009-09-25 | Заемна - подръчен фонд | 12.00 | 120000738403 | 94(497.2)"1918/1945"/З 72 Л | 120000738403 | 1 | 6.14 | Дост: DA Вид: А N: 12 Дата: 25.09.2009 Дата инв: 08.02.2018 Бележки инв: П2018 | Книги | |
| Не е изгубен | Universal Decimal Classification | Не е повреден | без рестрикции | заемане за дома | 140665 | Регионална библиотека "Любен Каравелов" Русе | Регионална библиотека "Любен Каравелов" Русе | Дубликат | 2009-09-25 | Заемна - подръчен фонд | 12.00 | 120000738404 | 94(497.2)"1918/1945"/З 72 Л | 120000738404 | 2 | 6.14 | Дост: DA Вид: А N: 12 Дата: 25.09.2009 Дата инв: 16.02.2018 Бележки инв: П2018 | Книги | |
| Не е изгубен | Universal Decimal Classification | Не е повреден | без рестрикции | заемане за дома | 140666 | Регионална библиотека "Любен Каравелов" Русе | Регионална библиотека "Любен Каравелов" Русе | Заемна - подръчен фонд | 2009-09-25 | Заемна - подръчен фонд | 12.00 | 120000738405 | 94(497.2)"1918/1945"/З 72 Л | 120000738405 | 3 | 6.14 | Дост: DA Вид: А N: 12 Дата: 25.09.2009 Дата инв: 08.02.2018 Бележки инв: П2018 | Книги | |
| Не е изгубен | Universal Decimal Classification | Не е повреден | без рестрикции | ползва се в читалня | 140667 | Регионална библиотека "Любен Каравелов" Русе | Регионална библиотека "Любен Каравелов" Русе | Краезнание | 2009-09-25 | Краезнание | 12.00 | 120000738406 | К 94(497.2)"1878..."/З-72 Л | 120000738406 | 4 | 6.14 | Дост: DA Вид: А N: 12 Дата: 25.09.2009 Дата инв: 07.11.2017 Бележки инв: К2017 | Книги | |
| Не е изгубен | Не е повреден | без рестрикции | ползва се в читалня | 140668 | Регионална библиотека "Любен Каравелов" Русе | Регионална библиотека "Любен Каравелов" Русе | Хранилище | 2010-08-20 | Хранилище | 12.00 | 120000745161 | Цб 245487 | 120000745161 | 5 | 6.14 | Дост: Dp Вид: Д N: 48 Дата: 18.11.2009 | Книги | ||
| Не е изгубен | Universal Decimal Classification | Не е повреден | без рестрикции | заемане за дома | 140669 | Регионална библиотека "Любен Каравелов" Русе | Регионална библиотека "Любен Каравелов" Русе | Заемна - подръчен фонд | 2012-10-22 | Заемна - подръчен фонд | 12.00 | 120000760621 | 94(497.2)"1918/1945"/З 72 Л | 120000760621 | 6 | 6.14 | Дост: DA Вид: А N: 19 Дата: 19.10.2012 Дата инв: 08.02.2018 Бележки инв: П2018 | Книги |